Geographia est via vitae: antropogeograf Jiří Král na Univerzite Komenského v Bratislave

Gespeichert in:
Bibliographische Detailangaben
1. Verfasser: Matlovič, René
Weitere Verfasser: Matlovičová, Kvetoslava, 1971-
Format: Buchkapitel
Sprache:Slowakisch
Schlagworte:
Tags: Tag hinzufügen
Keine Tags, Fügen Sie das erste Tag hinzu!

MARC

LEADER 00000naa$a2200000$$$4500
001 0289764
005 20240502074437.1
041 0 |a slo 
044 |a SK 
245 1 0 |a Geographia est via vitae: antropogeograf Jiří Král na Univerzite Komenského v Bratislave  |c René Matlovič, Kvetoslava Matlovičová 
500 |a Abstrakt 
610 2 0 |a história 
610 2 0 |a univerzity 
610 2 0 |a geografia 
100 1 |a Matlovič, René 
700 1 |a Matlovičová, Kvetoslava, 1971-